Statistics for 2014 NFL Draft

Click here to take the quiz!

General Stats

  • This quiz has been taken 783 times
    (760 since last reset)
  • The average score is 48 of 256

Answer Stats

Overall Number Team Position School Player % Correct
1HoustonDESouth CarolinaJadeveon Clowney
93%
3JacksonvilleQBCentral FloridaBlake Bortles
87%
4BuffaloWRClemsonSammy Watkins
85%
12NY GiantsWRLSUOdell Beckham Jr.
83%
101PhiladelphiaCBFloridaJaylen Watkins
83%
7TampaWRTexas A&MMike Evans
82%
115NY JetsWRUCLAShaquelle Evans
80%
22ClevelandQBTexas A&MJohnny Manziel
80%
5OaklandOLBBuffaloKhalil Mack
78%
10DetroitTENorth CarolinaEric Ebron
69%
32MinnesotaQBLouisvilleTeddy Bridgewater
67%
21Green BaySAlabamaHa Ha Clinton-Dix
66%
13St. LouisDTPittsburghAaron Donald
65%
2St. LouisOTAuburnGreg Robinson
65%
61JacksonvilleWRPenn StAllen Robinson
65%
9MinnesotaOLBUCLAAnthony Barr
64%
6AtlantaOTTexas A&MJake Matthews
64%
42PhiladelphiaWRVanderbiltJordan Matthews
63%
28CarolinaWRFlorida StKelvin Benjamin
61%
20New OrleansWROregon StBrandin Cooks
59%
17BaltimoreILBAlabamaC.J. Mosley
59%
238DallasILBTexas TechWill Smith
58%
70San FranciscoCUSCMarcus Martin
58%
84ArizonaDENorth CarolinaKareem Martin
58%
36OaklandQBFresno StDerek Carr
58%
14ChicagoCBVirginia TechKyle Fuller
58%
144JacksonvilleOLBFlorida StTelvin Smith
58%
159JacksonvilleDEArkansasChris Smith
58%
26PhiladelphiaDELouisvilleMarcus Smith
58%
16DallasOTNotre DameZack Martin
58%
15PittsburghOLBOhio StateRyan Shazier
56%
11TennesseeOTMichiganTaylor Lewan
52%
18NY JetsSLouisvilleCalvin Pryor
52%
8ClevelandCBOklahoma StJustin Gilbert
51%
214St LouisQBSMUGarrett Gilbert
49%
232IndianapolisOTGeorgia StateUlrick John
45%
39JacksonvilleWRUSCMarqise Lee
43%
25San DiegoCBTCUJason Verrett
42%
31DenverCBOhio StBradley Roby
42%
173PittsburghOTVanderbiltWesley Johnson
40%
221BuffaloOLBFlorida AtlanticRandell Johnson
40%
222JacksonvilleRBCentral FloridaStorm Johnson
40%
129San FranciscoCBNC StateDontae Johnson
40%
113NY GiantsRBBoston CollegeAndre Williams
39%
19MiamiOTTennesseeJa'Wuan James
38%
189DetroitWRNotre DameTJ Jones
38%
112TennesseeDTPenn StDaQuan Jones
38%
55CincinnatiRBLSUJeremy Hill
38%
23Kansas CityDEAuburnDee Ford
37%
184MinnesotaCBMaineKendall James
37%
24CincinnatiCBMichigan StDarqueze Dennard
37%
57San FranciscoRBOhio StCarlos Hyde
36%
63MiamiWRLSUJarvis Landry
35%
53Green BayWRFresno StDavante Adams
35%
73BuffaloILBLouisvillePreston Brown
33%
91ArizonaWRPittsburgh StJohn Brown
33%
120ArizonaQBVirginia TechLogan Thomas
32%
124Kansas CityRBOregonDe'Anthony Thomas
32%
100San FranciscoOTClemsonBrandon Thomas
32%
206New EnglandSGeorgia TechJemea Thomas
31%
38TampaTEWashingtonAustin Seferian-Jenkins
30%
203IndianapolisILBWestern KentuckyAndrew Jackson
29%
81OaklandGMississippi StGabe Jackson
29%
187NY GiantsCBNotre DameBennett Jackson
29%
30San FranciscoSNorthern IllinoisJimmy Ward
28%
45SeattleWRColoradoPaul Richardson
28%
54TennesseeRBWashingtonBishop Sankey
28%
153BuffaloGBaylorCyril Richardson
27%
27ArizonaSWashington StDeone Bucannon
27%
157PittsburghCBArizonaShaquille Richardson
27%
49NY JetsTETexas TechJace Amaro
26%
29New EnglandDEFloridaDominique Easley
26%
75St LouisRBAuburnTre Mason
24%
130New EnglandRBWisconsinJames White
21%
46PittsburghDENotre DameStephon Tuitt
21%
34DallasOLBBoise StDemarcus Lawrence
20%
56DenverWRIndianaCody Latimer
19%
60CarolinaDEMissouriKony Ealy
19%
103AtlantaRBFlorida StDevonta Freeman
19%
37AtlantaDTMinnesotaRa'Sheade Hageman
19%
249St LouisDEMissouriMichael Sam
19%
241St LouisSOhio StateC.B. Bryant
18%
118PiitsburghWRClemsonMartavis Bryant
18%
40DetroitOLBBYUKyle Van Noy
18%
98Green BayTECaliforniaRichard Rodgers
17%
33HoustonGUCLAXavier Su'a-filo
17%
43NY GiantsCColorado StWeston Richburg
16%
48BaltimoreDTFlorida StTimmy Jernigan
16%
135HoustonQBPittsburghTom Savage
16%
163Kansas CityQBGeorgiaAaron Murray
16%
35ClevelandOTNevadaJoel Bitonio
16%
69TampaRBWest VirginiaCharles Sims
16%
164CincinnatiQBAlabamaAJ McCarron
16%
235OaklandDEIllinois StShelby Harris
15%
94ClevelandRBTowsonTerrance West
15%
78WashingtonGNebraskaSpencer Long
15%
90IndianapolisWROle MissDonte Moncrief
14%
47WashingtonOLBStanfordTrent Murphy
14%
97PittsburghRBKent StateDri Archer
14%
178TennesseeQBLSUZach Mettenberger
14%
41St LouisCBFlorida StLemarcus Joyner
14%
122TennesseeCBWyomingMarqueston Huff
13%
96MinnesotaRBGeorgia SouthernJerick McKinnon
13%
89San DiegoGNotre DameChris Watt
13%
86PhiladelphiaWROregonJosh Huff
13%
158DetroitDTPrincetonCaraun Reid
13%
67MiamiOTNorth Dakota StBilly Turner
12%
65HoustonTEIowaC.J. Fiedorowicz
12%
224PhiladelphiaDTWisconsinBeau Allen
12%
147AtlantaCBPurdueRicardo Allen
12%
92CarolinaGLSUTrai Turner
12%
62New EnglandQBEastern IllinoisJimmy Garappolo
12%
83HoustonDTNotre DameLouis Nix III
12%
66WashingtonOTVirginiaMorgan Moses
11%
77San FranciscoILBWisconsinChris Borland
11%
51ChicagoDTLSUEgo Ferguson
11%
52ArizonaTENotre DameTroy Niklas
11%
104NY JetsWROklahomaJalen Saunders
11%
117ChicagoRBArizonaKa'Deem Carey
11%
59IndianapolisOTOhio StJack Mewhort
11%
58New OrleansCBNebraskaStanley Jean-Baptiste
10%
213NY JetsQBClemsonTajh Boyd
10%
181HoustonRBLSUAlfred Blue
9%
183ChicagoQBSan Jose StDavid Fales
9%
106San FranciscoWRSouth CarolinaBruce Ellington
9%
44BuffaloOTAlabamaCyrus Kouandjio
9%
99BaltimoreTEColorado StCrockett Gillmore
9%
50San DiegoOLBGeorgia TechJeremiah Attaochu
9%
64SeattleOTMissouriJustin Britt
9%
82ChicagoDTArizona StWill Sutton
9%
88CincinnatiDEWest VirginiaWill Clarke
8%
87Kansas CityCBRicePhillip Gaines
8%
105New EnglandCFlorida St.Bryan Stork
7%
108SeattleDEUCLACassius Marsh
7%
188St LouisCBMissouriE.J Gaines
7%
212CincinnatiOLBArizonaMarquis Flowers
7%
123SeattleWRAlabamaKevin Norwood
7%
79BaltimoreSFlorida StTerrence Brooks
7%
76DetroitCArkansasTravis Swanson
7%
71ClevelandOLBIowaChristian Kirksey
7%
198New EnglandDEConcordia St PaulZach Moore
7%
216HoustonCBVanderbiltDre Hal
6%
236Green BayWRSaginaw Valley StJeff Janis
6%
155MiamiTEGeorgiaArthur Lynch
6%
242DenverOLBOklahomaCorey Nelson
6%
150San FranciscoDESouth FloridaAaron Lynch
6%
72MinnesotaDEOregon StScott Crichton
6%
127ClevelandCBLindenwoodPierre Desir
6%
146DallasWRPittsburghDevin Street
5%
138BaltimoreRBCoastal CarolinaLorenzo Taliaferro
5%
110St LouisSUtah StMo Alexander
5%
107OaklandDTLouisiana TechJustin Ellis
5%
102WashingtonCBClemsonBashaud Breeland
5%
128CarolinaSNorth CarolinaTre Boston
5%
186WashingtonRBBaylorLache Seastrunk
5%
131ChicagoSMinnesotaBrock Vereen
5%
132SeattleOLBBoston CollegeKevin Pierre-Louis
5%
176Green BayWRWisconsinJared Abbrederis
5%
93JacksonvilleGMiami (FL)Brandon Linder
5%
237BuffaloOTMiami (FL)Seantrel Henderson
5%
74NY GiantsDTSyracuseJay Bromley
5%
95DenverOTMichiganO'Brien Schofield
5%
68AtlantaSWisconsinDez Southward
5%
161Green BayCOhio StCorey Linsley
5%
142WashingtonWRTulaneRyan Grant
5%
145MinnesotaGStanfordDavid Yankey
5%
140New EnglandOTStanfordCameron Fleming
4%
151TennesseeILBKentuckyAvery Williamson
4%
141PhiladelphiaDEOregonTaylor Hart
4%
143TampaGTennessee StKadeem Edwards
4%
201San DiegoRBArizona StMarion Grice
4%
80NY JetsCBMarylandDex McDougle
4%
239CincinnatiWRLSUJames Wright
4%
119DallasOLBIowaAnthony Hitchens
4%
121Green BayOLBArizona StCarl Bradford
3%
204CarolinaRBStanfordTyler Gaffney
3%
148CarolinaCBSan Jose StBene Benwikere
3%
219OaklandCBOhioTravis Carrie
3%
220MinnesotaDTConnecticuttShamar Stephen
3%
109BuffaloCBDukeRoss Cockrell
3%
194BaltimoreQBBall StateKeith Wenning
3%
111CincinnatiCNorth CarolinaRussell Bodine
3%
192PittsburghOLBUCLAJordan Zumwalt
3%
191ChicagoPMiami (FL)Pat O'Donnell
3%
114JacksonvilleCBOklahomaAaron Colvin
3%
227SeattleFBArkansasKiero Small
3%
162PhiladelphiaSStanfordEd Reynolds
3%
209NY JetsWRNebraskaQuincy Enunwa
3%
175BaltimoreGPenn StJohn Urschel
3%
182MinnesotaCBVirginia TechAntone Exum
3%
133DetroitCBUtah StNevin Lawson
3%
139AtlantaOLBNotre DamePrince Shembo
3%
85Green BayDTSouthern MissKhyri Thornton
3%
116OaklandCBUtahKeith McGill
2%
243San FranciscoDTBoston CollegeKaleb Ramsey
2%
246ChicagoOTBoise StCharles Leno
2%
240San DiegoWRBaylorTevin Reese
2%
234MiamiDEMaristTerrence Fede
2%
250St LouisCTennessee StDemetrius Rhaney
2%
215PittsburghDTTennesseeDaniel McCullers
2%
244New EnglandWRMichiganJeremy Gallon
2%
218BaltimoreWRWake ForestMike Campanaro
2%
233NY JetsOLBUtahTrevor Reilly
2%
211HoustonFBAuburnJay Prosch
2%
230PittsburghTEMassachusettsRob Blanchflower
2%
229DetroitKBoston CollegeNate Freese
2%
248DallasSBaylorAhmad Dixon
2%
228WashingtonKArkansasZach Hocker
2%
254DallasCBOregonTerrance Mitchell
2%
256HoustonSMemphisLonnie Ballentine
2%
174NY GiantsOLBUSCDevon Kennard
2%
137NY JetsOTFurmanDakota Dozier
2%
134BaltimoreDTVirginiaBrent Urban
2%
185TampaWRWyomingRobert Herron
2%
126New OrleansILBCaliforniaKhairi Fortt
2%
160ArizonaDEAlabamaEd Stinson
2%
169New OrleansOLBFloridaRonald Powell
2%
156DenverOLBLSULamin Barrow
2%
152NY GiantsSSan Diego StNat Berhe
2%
195NY JetsCBNorthwest Missouri StBrandon Dixon
2%
196ArizonaWRMurray StWalt Powell
2%
197Green BayCBBaylorDemetri Goodson
2%
125MiamiCBLibertyWalt Aikens
2%
199SeattleOTMarshallGarrett Scott
2%
136DetroitsDEBloomsburgLarry Webster
2%
167New OrleansSAlabamaVinnie Sunseri
2%
171MiamiOLBMontanaJordan Tripp
2%
179New EnglandGFloridaJon Halapio
2%
165San DiegoDTArkansas StRyan Carrethers
1%
166IndianapolisDEBall StateJonathan Newsome
1%
247OaklandSWestern KentuckyJonathan Dowling
1%
245San FranciscoFBOklahomaTrey Millard
1%
154NY JetsILBIowa StJeremiah George
1%
251DallasDTNorthern IllinoisKen Bishop
1%
253AtlantaILBConnecticuttYawin Smallwood
1%
149TampaOTPurdueKevin Pamphile
1%
255AtlantaOLBSouth DakotaTyler Starr
1%
168AtlantaILBSyracuseMarquis Spruill
1%
210NY JetsDELouisiana TechIK Enemkpali
1%
170San FranciscoCBFlorida AtlanticKeith Reaser
1%
172SeattleDTMiddle TennesseeJimmy Staten
1%
207DenverCBoise StMatt Paradis
1%
205JacksonvilleCVirginiaLuke Bowanko
1%
217WashingtonTEIndianaTed Bolser
1%
193Kansas CityGTennesseeZach Fulton
1%
223MinnesotaOLBGeorgia TechBrandon Watts
1%
190MiamiWRCoastal CarolinaMatt Hazel
1%
225MinnesotaCBNorth CarolinaJabari Price
1%
226St LouisOTPortland StMitchell Van Dyk
1%
180San FranciscoCBSMUKenneth Acker
1%
231DallasDEStanfordBen Gardner
1%
177HoustonDEAlabamaJeoffrey Pagan
1%
208SeattleSSan Diego StEric Pinkins
1%
202New OrleansOTKansas StTavon Rooks
1%
252CincinnatiCBGeorgia SouthernLavelle Westbrooks
0%
200Kansas CityOTMcGillLaurent Duvernay-Tardiff
0%

Score Distribution

Percentile by Number Answered

Percent of People with Each Score

Your Score History

You have not taken this quiz since the last reset